| 000 | 00414nam a2200181Ia 4500 | ||
|---|---|---|---|
| 005 | 20250423101453.0 | ||
| 008 | 250422s9999 xx 000 0 und d | ||
| 020 | _a0-439-40437-1 | ||
| 050 | _aPT 2666 .U49 T45/ | ||
| 100 | _aFunke, Cornelia | ||
| 245 | 4 | _aThe thief Lord | |
| 260 | _aNew York | ||
| 260 | _bThe Chicken House Inc. | ||
| 260 | _c2002 | ||
| 300 | _a349 p | ||
| 650 | _aEnglish | ||
| 942 | _cBK | ||
| 999 |
_c36387 _d36387 |
||